| 000 | 00345 a2200157 4500 | ||
|---|---|---|---|
| 001 | 176860 | ||
| 020 | _a | ||
| 040 | _cMagnum | ||
| 100 | _aJose, Elias | ||
| 240 | 1 | 0 |
_aVera lucia, verdade e luz _lpor |
| 245 | 1 | 0 | _aVera lucia, verdade e luz |
| 362 | 0 | _a1899 | |
| 440 | 1 | _aSaraiva | |
| 697 | _aMAGNITO: J/SOCIEDADE, COTIDIAN | ||
| 942 | _cBK | ||
| 999 |
_c176860 _d176860 |
||